[Event "Baku President's Cup 3rd"]
[Site "Baku"]
[Date "2008.05.12"]
[Round "8"]
[White "Mamedjarova, Zeinab"]
[Black "Khudaverdieva, Afag"]
[Result "1-0"]
[WhiteElo "2322"]
[BlackElo "2104"]
[PlyCount "77"]
[EventDate "2008.05.12"]
[EventType "swiss"]
[EventRounds "9"]
[EventCountry "AZE"]
[SourceTitle "CBM 124 Extra"]
[Source "ChessBase"]
[SourceDate "2008.07.03"]
[SourceVersion "1"]
[SourceVersionDate "2008.07.03"]
[SourceQuality "1"]

1. d4 Nf6 2. Nf3 d5 3. Bf4 g6 4. e3 Bg7 5. Nbd2 c5 6. c3 0-0 7. Be2 Nbd7 8. h3 b6 9. 0-0 Bb7 10. a4 Ne4 11. a5 Nxd2 12. Nxd2 e5 13. dxe5 Nxe5 14. Nf3 Qe7 15. Nxe5 Bxe5 16. Bxe5 Qxe5 17. Bf3 b5 18. a6 Bc6 19. Qb3 Rfd8 20. Rfd1 Rab8 21. Qa3 Qe7 22. b4 c4 23. Rd4 Rd6 24. Rad1 Rbd8 25. Qa5 Kg7 26. h4 R8d7 27. h5 Rd8 28. Qa2 R6d7 29. Qd2 h6 30. hxg6 fxg6 31. Bg4 Rd6 32. e4 Be8 33. Rxd5 Rxd5 34. exd5 Rd6 35. Re1 Qf7 36. Qd4+ Kh7 37. Qe5 Rd8 38. Qe7 Rb8 39. Qd6 1-0

[Event "Baku President's Cup 2nd"]
[Site "Baku"]
[Date "2007.05.03"]
[Round "1"]
[White "Khudaverdieva, Afag"]
[Black "Naiditsch, Arkadij"]
[Result "0-1"]
[WhiteElo "2163"]
[BlackElo "2654"]
[PlyCount "36"]
[EventDate "2007.05.03"]
[EventType "swiss"]
[EventRounds "9"]
[EventCountry "AZE"]
[SourceTitle "CBM 118 Extra"]
[Source "ChessBase"]
[SourceDate "2007.07.04"]
[SourceVersion "1"]
[SourceVersionDate "2007.07.04"]
[SourceQuality "1"]

1. d4 Nf6 2. c4 e6 3. Nc3 Bb4 4. Qc2 c5 5. dxc5 Qc7 6. Nf3 Bxc5 7. e3 a6 8. Be2 b6 9. 0-0 Bb7 10. b3 Ng4 11. Ne4 f5 12. Ng3 h5 13. Rd1 Nc6 14. Bb2 0-0-0 15. Nf1 f4 16. Bd4 fxe3 17. Bxc5 bxc5 18. Nxe3 Nd4 0-1

[Event "EU-ch (Women) 8th"]
[Site "Dresden"]
[Date "2007.04.14"]
[Round "11"]
[White "Guramishvili, Sopiko"]
[Black "Khudaverdieva, Afag"]
[Result "1/2-1/2"]
[WhiteElo "2213"]
[BlackElo "2146"]
[PlyCount "67"]
[EventDate "2007.04.03"]
[EventType "swiss"]
[EventRounds "11"]
[EventCountry "GER"]
[SourceTitle "CBM 117 Extra"]
[Source "ChessBase"]
[SourceDate "2007.05.09"]
[SourceVersion "1"]
[SourceVersionDate "2007.05.09"]
[SourceQuality "1"]

1. d4 Nf6 2. c4 g6 3. Nc3 d5 4. Bg5 Ne4 5. Bh4 Nxc3 6. bxc3 Bg7 7. e3 dxc4 8. Bxc4 0-0 9. Nf3 c5 10. 0-0 Nc6 11. Rb1 Qc7 12. Bg3 Qd8 13. Qc1 Bf5 14. Rb5 Na5 15. Be2 cxd4 16. cxd4 b6 17. Ne5 Rc8 18. Qa3 Rc2 19. Bd1 Rc8 20. Bf3 Qe8 21. Rb4 Bxe5 22. dxe5 Be6 23. Bd1 Qd7 24. Rd4 Qc7 25. Bg4 Nc4 26. Qc1 Qc6 27. Qd1 b5 28. h4 Nb6 29. h5 Rc7 30. Bxe6 Qxe6 31. hxg6 hxg6 32. Qe2 Rc4 33. Rb1 a6 34. Qd2 1/2-1/2

[Event "EU-ch (Women) 8th"]
[Site "Dresden"]
[Date "2007.04.06"]
[Round "4"]
[White "Benderac, Ana"]
[Black "Khudaverdieva, Afag"]
[Result "1-0"]
[WhiteElo "2303"]
[BlackElo "2146"]
[PlyCount "73"]
[EventDate "2007.04.03"]
[EventType "swiss"]
[EventRounds "11"]
[EventCountry "GER"]
[SourceTitle "CBM 117 Extra"]
[Source "ChessBase"]
[SourceDate "2007.05.09"]
[SourceVersion "1"]
[SourceVersionDate "2007.05.09"]
[SourceQuality "1"]

1. d4 Nf6 2. Nf3 g6 3. Bg5 Bg7 4. Nbd2 d5 5. e3 0-0 6. Bd3 c5 7. c3 Nbd7 8. 0-0 b6 9. Re1 Bb7 10. e4 dxe4 11. Nxe4 Rc8 12. Qe2 Re8 13. Rad1 Qc7 14. Nxf6+ Nxf6 15. Bb5 Bc6 16. Bxc6 Qxc6 17. Ne5 Qc7 18. d5 Rcd8 19. c4 Qd6 20. Qf3 Rc8 21. g4 Qc7 22. Nc6 Qd7 23. h3 Qd6 24. Re3 h6 25. Bf4 Qd7 26. Rde1 e6 27. g5 Nh5 28. gxh6 Bxb2 29. Be5 Bxe5 30. Nxe5 Qb7 31. Ng4 f5 32. Rxe6 Rxe6 33. Rxe6 fxg4 34. Rxg6+ Kh7 35. Qf5 Kh8 36. Qe5+ Kh7 37. Qxh5 1-0

[Event "EU-ch (Women) 8th"]
[Site "Dresden"]
[Date "2007.04.04"]
[Round "2"]
[White "Paehtz, Elisabeth"]
[Black "Khudaverdieva, Afag"]
[Result "1-0"]
[WhiteElo "2451"]
[BlackElo "2146"]
[PlyCount "67"]
[EventDate "2007.04.03"]
[EventType "swiss"]
[EventRounds "11"]
[EventCountry "GER"]
[SourceTitle "CBM 117 Extra"]
[Source "ChessBase"]
[SourceDate "2007.05.09"]
[SourceVersion "1"]
[SourceVersionDate "2007.05.09"]
[SourceQuality "1"]

1. b3 d5 2. Bb2 Nf6 3. e3 e6 4. f4 Be7 5. Nf3 0-0 6. g3 c5 7. Bg2 Nc6 8. 0-0 Nd7 9. Qe2 f5 10. Kh1 Bf6 11. d4 g6 12. Ne5 Be7 13. Nxd7 Bxd7 14. dxc5 Bxc5 15. Nd2 Qb6 16. c4 d4 17. e4 Nb4 18. Nf3 Rae8 19. Ne5 Bc8 20. a3 Nc6 21. b4 Be7 22. c5 Qd8 23. Nxc6 bxc6 24. Rfd1 e5 25. Qc4+ Kh8 26. fxe5 Bg5 27. Rxd4 Qe7 28. exf5 Bxf5 29. Rd6 Be6 30. Qe2 Rf7 31. Rxc6 Ref8 32. Bd4 Qd7 33. Rd6 Qc8 34. Qa6 1-0

[Event "EU-ch (Women) 8th"]
[Site "Dresden"]
[Date "2007.04.03"]
[Round "1"]
[White "Khudaverdieva, Afag"]
[Black "Atalik, Ekaterina"]
[Result "0-1"]
[WhiteElo "2146"]
[BlackElo "2374"]
[PlyCount "78"]
[EventDate "2007.04.03"]
[EventType "swiss"]
[EventRounds "11"]
[EventCountry "GER"]
[SourceTitle "CBM 117 Extra"]
[Source "ChessBase"]
[SourceDate "2007.05.09"]
[SourceVersion "1"]
[SourceVersionDate "2007.05.09"]
[SourceQuality "1"]

1. d4 Nf6 2. c4 e6 3. Nc3 Bb4 4. Qc2 0-0 5. Bg5 c5 6. dxc5 Na6 7. a3 Bxc3+ 8. Qxc3 Nxc5 9. Bxf6 Qxf6 10. Qxf6 gxf6 11. e3 a5 12. Nf3 b6 13. Be2 a4 14. Nd4 Ba6 15. 0-0 Rfc8 16. Rac1 Nb7 17. Rc3 Na5 18. Rfc1 Rc5 19. b4 axb3 20. Nxb3 Nxb3 21. Rxb3 b5 22. Rbc3 Rac8 23. e4 bxc4 24. Rd1 R8c7 25. Rd6 R5c6 26. Rd1 Kf8 27. f4 Bb5 28. Kf2 Ba4 29. Rd4 Bb3 30. Ke3 Ke7 31. e5 fxe5 32. fxe5 Rc5 33. Ke4 Ba2 34. Rd1 Ra7 35. Re1 Raa5 36. Bxc4 Bxc4 37. Rxc4 Rxe5+ 38. Kf4 Rf5+ 39. Kg4 Rxa3 0-1

[Event "EU-ch (Women) 7th"]
[Site "Kusadasi"]
[Date "2006.04.15"]
[Round "11"]
[White "Kachiani Gersinska, Ketino"]
[Black "Khudaverdieva, Afag"]
[Result "1-0"]
[WhiteElo "2421"]
[BlackElo "2153"]
[PlyCount "53"]
[EventDate "2006.04.04"]
[EventType "swiss"]
[EventRounds "11"]
[EventCountry "TUR"]
[SourceTitle "CBM 111 Extra"]
[Source "ChessBase"]
[SourceDate "2006.05.09"]
[SourceVersion "1"]
[SourceVersionDate "2006.05.09"]
[SourceQuality "1"]

1. d4 Nf6 2. c4 g6 3. Nc3 d5 4. cxd5 Nxd5 5. e4 Nxc3 6. bxc3 Bg7 7. Be3 c5 8. Qd2 Qa5 9. Rb1 a6 10. Rc1 Nc6 11. d5 Ne5 12. h3 0-0 13. f4 Nd7 14. Bd3 c4 15. Bb1 Nc5 16. Bd4 f6 17. Nf3 e6 18. 0-0 exd5 19. exd5 Rd8 20. Qe3 Na4 21. f5 Qxd5 22. fxg6 h6 23. Nh4 Qd6 24. Bf5 Qf8 25. Be6+ Kh8 26. Rxf6 Qe7 27. Rf8+ 1-0

[Event "EU-ch (Women) 7th"]
[Site "Kusadasi"]
[Date "2006.04.10"]
[Round "7"]
[White "Aginian, Nelly"]
[Black "Khudaverdieva, Afag"]
[Result "1-0"]
[WhiteElo "2319"]
[BlackElo "2153"]
[PlyCount "41"]
[EventDate "2006.04.04"]
[EventType "swiss"]
[EventRounds "11"]
[EventCountry "TUR"]
[SourceTitle "CBM 111 Extra"]
[Source "ChessBase"]
[SourceDate "2006.05.09"]
[SourceVersion "1"]
[SourceVersionDate "2006.05.09"]
[SourceQuality "1"]

1. e4 e6 2. d4 d5 3. exd5 exd5 4. c4 c6 5. Nc3 Nf6 6. Nf3 Be7 7. Bd3 dxc4 8. Bxc4 0-0 9. h3 h6 10. 0-0 Bf5 11. Ne5 Qb6 12. Re1 Bd6 13. Qf3 Bh7 14. Bxh6 Bxe5 15. dxe5 Nd5 16. Qg4 Bg6 17. Be3 Nxe3 18. Rxe3 Kh7 19. Rg3 c5 20. Qh4+ Kg8 21. Ne4 1-0

[Event "EU-ch (Women) 7th"]
[Site "Kusadasi"]
[Date "2006.04.08"]
[Round "5"]
[White "Bulmaga, Irina"]
[Black "Khudaverdieva, Afag"]
[Result "1/2-1/2"]
[WhiteElo "2088"]
[BlackElo "2153"]
[PlyCount "111"]
[EventDate "2006.04.04"]
[EventType "swiss"]
[EventRounds "11"]
[EventCountry "TUR"]
[SourceTitle "CBM 111 Extra"]
[Source "ChessBase"]
[SourceDate "2006.05.09"]
[SourceVersion "1"]
[SourceVersionDate "2006.05.09"]
[SourceQuality "1"]

1. e4 e6 2. d4 d5 3. exd5 exd5 4. Nf3 Bd6 5. c4 c6 6. Nc3 Ne7 7. c5 Bc7 8. Bd3 Nd7 9. 0-0 0-0 10. Re1 Ng6 11. Bg5 f6 12. Bd2 Re8 13. Qc2 Ndf8 14. h3 Be6 15. b4 Qd7 16. Bf1 Bf5 17. Qb3 Kh8 18. Be3 Nf4 19. a4 N8g6 20. Bxf4 Nxf4 21. b5 Be4 22. Nd2 Bg6 23. b6 axb6 24. cxb6 Bd6 25. a5 Rxe1 26. Rxe1 Rxa5 27. Nf3 Bh5 28. Re3 Ra8 29. Ne2 Ra3 30. Qxa3 Nxe2+ 31. Bxe2 Bxa3 32. Rxa3 Kg8 33. Ra8+ Be8 34. Nd2 Qe7 35. Bg4 Kf7 36. Ra7 c5 37. dxc5 Qxc5 38. Rxb7+ Kg6 39. Rb8 Bc6 40. Nf1 Bb5 41. Rd8 Qxb6 42. Rxd5 Bc6 43. Rd1 h5 44. Be2 Ba4 45. Rd5 h4 46. Ne3 Qb1+ 47. Bf1 Kf7 48. Rd4 Bb5 49. Rxh4 Bxf1 50. Nxf1 g5 51. Rd4 Qa1 52. Rc4 Kg6 53. h4 Qd1 54. hxg5 fxg5 55. Rc5 Kf6 56. Rb5 1/2-1/2

[Event "Bykova Memorial-B (Women)"]
[Site "Vladimir"]
[Date "2005.12.12"]
[Round "7"]
[White "Vasilevich, Irina"]
[Black "Khudaverdieva, Afag"]
[Result "1/2-1/2"]
[WhiteElo "2292"]
[BlackElo "2194"]
[PlyCount "45"]
[EventDate "2005.12.07"]
[EventType "tourn"]
[EventRounds "13"]
[EventCountry "RUS"]
[SourceTitle "CBM 109 Extra"]
[Source "ChessBase"]
[SourceDate "2006.01.03"]
[SourceVersion "2"]
[SourceVersionDate "2006.01.03"]
[SourceQuality "1"]

1. e4 e6 2. d4 d5 3. Nd2 Nf6 4. e5 Nfd7 5. Bd3 c5 6. c3 Nc6 7. Ne2 cxd4 8. cxd4 f6 9. exf6 Nxf6 10. Nf3 Bd6 11. 0-0 0-0 12. Bg5 Bd7 13. Re1 Qc7 14. Rc1 Rae8 15. Ng3 Bf4 16. Bxf6 Rxf6 17. Rc3 Qd6 18. Bb1 g6 19. Nf1 e5 20. dxe5 Nxe5 21. Nxe5 Bxe5 22. Rce3 Rfe6 23. Qb3 1/2-1/2

[Event "Bykova Memorial-B (Women)"]
[Site "Vladimir"]
[Date "2005.12.11"]
[Round "6"]
[White "Khudaverdieva, Afag"]
[Black "Eidelson, Rakhil"]
[Result "1-0"]
[WhiteElo "2194"]
[BlackElo "2250"]
[PlyCount "89"]
[EventDate "2005.12.07"]
[EventType "tourn"]
[EventRounds "13"]
[EventCountry "RUS"]
[SourceTitle "CBM 109 Extra"]
[Source "ChessBase"]
[SourceDate "2006.01.03"]
[SourceVersion "2"]
[SourceVersionDate "2006.01.03"]
[SourceQuality "1"]

1. d4 Nf6 2. c4 c5 3. d5 d6 4. Nc3 g6 5. e4 Bg7 6. Nf3 0-0 7. Be2 e6 8. 0-0 e5 9. Ne1 Na6 10. a3 Ne8 11. Nd3 f5 12. b4 Nf6 13. Bf3 b6 14. Rb1 Bd7 15. bxc5 Nxc5 16. Nxc5 bxc5 17. Re1 Qa5 18. Bd2 Rab8 19. a4 Qa6 20. Rxb8 Rxb8 21. Nb5 Qb6 22. Bc3 fxe4 23. Bxe4 Nxe4 24. Rxe4 Bf5 25. Re1 a6 26. a5 Qd8 27. Na7 Qh4 28. Nc6 Rb1 29. Qe2 Rb3 30. g3 Qf6 31. Qd2 g5 32. Ba1 Bg4 33. Bxe5 dxe5 34. d6 Rb7 35. Nxe5 Be6 36. d7 Bxd7 37. Qd5+ Qe6 38. Qxb7 Bxe5 39. Qe4 h6 40. Qxe5 Qxc4 41. Qd6 Qb5 42. Qg6+ Kf8 43. Qxh6+ Kf7 44. Qxg5 Be6 45. Qh5+ 1-0

[Event "EU-ch (Women) 6th"]
[Site "Kishinev"]
[Date "2005.06.21"]
[Round "10"]
[White "Khudaverdieva, Afag"]
[Black "Ionica, Iulia Ionela"]
[Result "1/2-1/2"]
[WhiteElo "2187"]
[BlackElo "2245"]
[PlyCount "115"]
[EventDate "2005.06.11"]
[EventType "swiss"]
[EventRounds "12"]
[EventCountry "MDA"]
[SourceTitle "CBM 106 Extra"]
[Source "ChessBase"]
[SourceDate "2005.07.01"]
[SourceVersion "1"]
[SourceVersionDate "2005.07.01"]
[SourceQuality "1"]

1. d4 Nf6 2. c4 Nc6 3. Nf3 e6 4. Nc3 Bb4 5. Qc2 d6 6. Bg5 h6 7. Bd2 0-0 8. e3 Bxc3 9. Bxc3 Qe7 10. Be2 e5 11. dxe5 dxe5 12. 0-0 Re8 13. b3 Bg4 14. Qb2 Ne4 15. Be1 a5 16. a3 Ng5 17. Nxg5 Qxg5 18. Bxg4 Qxg4 19. Bc3 e4 20. f3 Qg6 21. Rad1 f6 22. f4 Rad8 23. Qe2 h5 24. Rd5 Rxd5 25. cxd5 Ne7 26. Qc4 Kh7 27. Bxa5 b6 28. Bb4 Nf5 29. Re1 Qf7 30. a4 h4 31. a5 bxa5 32. Bxa5 Nd6 33. Qc6 h3 34. g3 Qh5 35. Bb4 Nf5 36. Qc2 Qf3 37. Bc5 Rd8 38. Qf2 Qxf2+ 39. Kxf2 Rxd5 40. b4 Nh6 41. g4 Nxg4+ 42. Kg3 f5 43. Bd4 Rd6 44. Kxh3 Nf2+ 45. Kg2 Nd3 46. Rf1 Nxb4 47. Rc1 c6 48. Rc5 Nd5 49. Kf2 Kg6 50. Be5 Re6 51. Ra5 Nf6 52. h3 Nd7 53. Bd4 Rd6 54. h4 Nf6 55. Rc5 Nd5 56. Be5 Re6 57. Ra5 Nf6 58. Bd4 1/2-1/2

[Event "EU-ch (Women) 6th"]
[Site "Kishinev"]
[Date "2005.06.17"]
[Round "7"]
[White "Ptacnikova, Lenka"]
[Black "Khudaverdieva, Afag"]
[Result "1/2-1/2"]
[WhiteElo "2277"]
[BlackElo "2187"]
[PlyCount "108"]
[EventDate "2005.06.11"]
[EventType "swiss"]
[EventRounds "12"]
[EventCountry "MDA"]
[SourceTitle "CBM 106 Extra"]
[Source "ChessBase"]
[SourceDate "2005.07.01"]
[SourceVersion "1"]
[SourceVersionDate "2005.07.01"]
[SourceQuality "1"]

1. c4 Nf6 2. g3 g6 3. Bg2 d5 4. cxd5 Nxd5 5. Nf3 Bg7 6. 0-0 0-0 7. Nc3 Nb6 8. d3 c6 9. Bd2 N8d7 10. Rb1 e5 11. b4 Re8 12. Ne4 Qc7 13. Qb3 Nd5 14. Rfc1 N7f6 15. Nc5 Qe7 16. Ng5 h6 17. Nge4 Nxe4 18. Bxe4 Nc7 19. Bg2 Ne6 20. Be3 Nd4 21. Qd1 Bg4 22. f3 Bc8 23. a4 b6 24. Ne4 Bd7 25. Qd2 Kh7 26. Nf2 f5 27. Nd1 Rac8 28. Bf2 Qf7 29. e3 Nb3 30. Qa2 Be6 31. Rc3 Nc5 32. Qc2 Nb7 33. e4 Qd7 34. Ne3 c5 35. b5 Na5 36. Bf1 f4 37. Nc4 Nxc4 38. dxc4 Red8 39. Rd3 Qf7 40. Rxd8 Rxd8 41. Rb3 fxg3 42. hxg3 g5 43. Be2 h5 44. Be3 g4 45. fxg4 hxg4 46. Rd3 Rf8 47. Rd1 Qh5 48. Bf1 Rf3 49. Bf2 Rf6 50. Be3 Rf3 51. Bf2 Rf6 52. Be3 Bh6 53. Bxh6 Rxh6 54. Qg2 Qf7 1/2-1/2

[Event "Serpukhov Lushki-B"]
[Site "Serpukhov"]
[Date "2004.11.28"]
[Round "13"]
[White "Khudaverdieva, Afag"]
[Black "Tkachenko, Evgeny D"]
[Result "1-0"]
[WhiteElo "2086"]
[BlackElo "2107"]
[PlyCount "77"]
[EventDate "2004.11.19"]
[EventType "tourn"]
[EventRounds "17"]
[EventCountry "RUS"]
[EventCategory "1"]
[SourceTitle "CBM 103 Extra"]
[Source "ChessBase"]
[SourceDate "2005.01.01"]
[SourceVersion "1"]
[SourceVersionDate "2005.01.01"]
[SourceQuality "1"]

1. d4 g6 2. c4 Bg7 3. Nc3 c5 4. d5 d6 5. e4 e5 6. Be2 f5 7. Nf3 Nf6 8. Qc2 0-0 9. 0-0 f4 10. a3 h6 11. b4 Nbd7 12. Ne1 g5 13. f3 b6 14. Nd3 Rf7 15. a4 Nf8 16. a5 cxb4 17. Nxb4 bxa5 18. Nc6 Qb6+ 19. Kh1 a6 20. Ba3 Qc7 21. c5 dxc5 22. Bxc5 Bd7 23. Na4 Bxc6 24. dxc6 Qxc6 25. Bc4 Ne6 26. Qa2 Re8 27. Rab1 Rb7 28. Rxb7 Qxb7 29. Bxe6+ Kh8 30. Rb1 Qc6 31. Bd5 Qc8 32. Bb7 Qd7 33. Bxa6 Rd8 34. Bb6 Rb8 35. Nc3 Qd6 36. Qxa5 g4 37. Qc5 Qxc5 38. Bxc5 Rc8 39. Bxc8 1-0

[Event "EU-ch U16 Girls"]
[Site "Budva"]
[Date "2003.09.17"]
[Round "5"]
[White "Mar, Karmen"]
[Black "Khudaverdieva, Afag"]
[Result "1/2-1/2"]
[WhiteElo "2203"]
[BlackElo "2078"]
[PlyCount "95"]
[EventDate "2003.09.13"]
[EventType "swiss"]
[EventRounds "9"]
[EventCountry "YUG"]
[SourceTitle "CBM 096 Extra"]
[Source "ChessBase"]
[SourceDate "2003.10.22"]
[SourceVersion "2"]
[SourceVersionDate "2003.10.20"]
[SourceQuality "1"]

1. e4 e6 2. d4 d5 3. Nd2 Nf6 4. e5 Nfd7 5. Bd3 c5 6. c3 Nc6 7. Ngf3 cxd4 8. cxd4 Qb6 9. 0-0 f6 10. exf6 Nxf6 11. Nb3 Bd6 12. Re1 0-0 13. Bg5 Qc7 14. h3 e5 15. dxe5 Nxe5 16. Nxe5 Bxe5 17. Rc1 Qd6 18. Qc2 h6 19. Be3 b6 20. Nd4 Bd7 21. Qb3 Kh8 22. Nf3 Bf4 23. Bxf4 Qxf4 24. Ne5 Be8 25. Qa3 Ne4 26. Bxe4 Qxf2+ 27. Kh1 dxe4 28. Rf1 Qxf1+ 29. Rxf1 Rxf1+ 30. Kh2 Rf5 31. Qg3 Bh5 32. Nc4 Rc5 33. Nd6 Rd5 34. Nxe4 Re8 35. Nc3 Rd2 36. b3 Red8 37. Qf4 Bg6 38. a4 Kh7 39. Qe5 Re8 40. Qf4 Red8 41. Qe5 a6 42. Qe6 R8d6 43. Qe5 R6d4 44. Qe6 R2d3 45. Qxb6 Rf4 46. Ne2 Rf6 47. Qb4 Rf2 48. Qe1 1/2-1/2

[Event "Wch U20 Girls"]
[Site "Nakhchivan"]
[Date "2003.07.01"]
[Round "9"]
[White "Dzagnidze, Nana"]
[Black "Khudaverdieva, Afag"]
[Result "1-0"]
[WhiteElo "2376"]
[BlackElo "2063"]
[PlyCount "71"]
[EventDate "2003.06.22"]
[EventType "swiss"]
[EventRounds "11"]
[EventCountry "AZE"]
[SourceTitle "EXT 2004"]
[Source "ChessBase"]
[SourceDate "2003.11.25"]
[SourceVersion "1"]
[SourceVersionDate "2003.11.25"]
[SourceQuality "1"]

1. Nf3 d5 2. g3 e6 3. Bg2 c5 4. d3 g6 5. c3 Bg7 6. 0-0 Ne7 7. Nbd2 Nbc6 8. e4 b6 9. Qe2 Bb7 10. Re1 Qc7 11. e5 0-0-0 12. b4 cxb4 13. cxb4 Nxb4 14. Ba3 Nbc6 15. Rac1 Kb8 16. Bd6 Rxd6 17. exd6 Qxd6 18. Nb3 Bh6 19. Rb1 Rc8 20. d4 Ng8 21. a4 Nb4 22. Ne5 Qe7 23. f4 Ba6 24. Qf3 f6 25. Ng4 Bg7 26. Bf1 h5 27. Bxa6 hxg4 28. Qe2 Rc2 29. Rbc1 Rxc1 30. Rxc1 Nxa6 31. Qxa6 Qb7 32. Qb5 Ne7 33. Qe8+ Nc8 34. Qxe6 f5 35. Rc6 Ne7 36. Qd6+ 1-0

[Event "Wch U20 Girls"]
[Site "Nakhchivan"]
[Date "2003.06.29"]
[Round "7"]
[White "Sergeyeva, Maria"]
[Black "Khudaverdieva, Afag"]
[Result "0-1"]
[WhiteElo "2340"]
[BlackElo "2063"]
[PlyCount "60"]
[EventDate "2003.06.22"]
[EventType "swiss"]
[EventRounds "11"]
[EventCountry "AZE"]
[SourceTitle "EXT 2004"]
[Source "ChessBase"]
[SourceDate "2003.11.25"]
[SourceVersion "1"]
[SourceVersionDate "2003.11.25"]
[SourceQuality "1"]

1. e4 e6 2. d4 d5 3. Nc3 Nf6 4. e5 Nfd7 5. f4 c5 6. Nf3 Nc6 7. Be3 a6 8. Qd2 cxd4 9. Nxd4 Bc5 10. 0-0-0 0-0 11. h4 Nxd4 12. Bxd4 b5 13. h5 b4 14. Na4 Bxd4 15. Qxd4 a5 16. Bb5 Rb8 17. Bxd7 Bxd7 18. Nc5 Bb5 19. Qd2 a4 20. f5 Qc7 21. f6 Qxe5 22. fxg7 Rfc8 23. Nd3 Bxd3 24. Qxd3 b3 25. axb3 Rxb3 26. Qd4 Qc7 27. Rd2 a3 28. bxa3 Rcb8 29. Qa1 Qc5 30. Rh3 Qg1+ 0-1

[Event "Wch U20 Girls"]
[Site "Nakhchivan"]
[Date "2003.06.23"]
[Round "2"]
[White "Mahima, Rajmohan"]
[Black "Khudaverdieva, Afag"]
[Result "1/2-1/2"]
[WhiteElo "2104"]
[BlackElo "2063"]
[PlyCount "66"]
[EventDate "2003.06.22"]
[EventType "swiss"]
[EventRounds "11"]
[EventCountry "AZE"]
[SourceTitle "EXT 2004"]
[Source "ChessBase"]
[SourceDate "2003.11.25"]
[SourceVersion "1"]
[SourceVersionDate "2003.11.25"]
[SourceQuality "1"]

1. e4 e6 2. d4 d5 3. Nd2 Nf6 4. e5 Nfd7 5. Bd3 c5 6. c3 Nc6 7. Ne2 cxd4 8. cxd4 Qb6 9. Nf3 f6 10. exf6 Nxf6 11. 0-0 Bd6 12. Nc3 0-0 13. Bg5 Bd7 14. Bh4 Be8 15. Nb5 Bf4 16. Qe1 Ne4 17. Nc3 Nxd4 18. Nxd4 Qxd4 19. Bxe4 dxe4 20. Qxe4 Qxe4 21. Nxe4 Bxh2+ 22. Kxh2 Rf4 23. Bg3 Rxe4 24. Rfe1 Rxe1 25. Rxe1 Kf7 26. Rc1 Bc6 27. Bh4 h6 28. f4 Rf8 29. Rc5 Kg6 30. Kg3 Rf7 31. Re5 Bd5 32. a3 b6 33. Re3 Rc7 1/2-1/2